[Event "AS04 75 Anniversary"]
[Site "Copenhagen"]
[Date "1979.??.??"]
[Round "?"]
[White "Auchenberg, Per"]
[Black "Djuric, Stefan"]
[Result "0-1"]
[WhiteElo "2225"]
[BlackElo "2415"]
[PlyCount "71"]
[EventDate "1979.??.??"]
[EventType "tourn"]
[EventRounds "11"]
[EventCountry "DEN"]
[EventCategory "6"]

1. e4 c5 2. Nf3 e6 3. Nc3 a6 4. d4 cxd4 5. Nxd4 Qc7 6. Be2 Bb4 7. O-O Nf6 8.
Qd3 Nc6 9. Bd2 Nxd4 10. Qxd4 Bd6 11. g3 b5 12. Bxb5 Be5 13. Qa4 h5 14. Be2 Bb7
15. Bf3 h4 16. Kg2 Bc6 17. Qc4 Bxe4 18. Qxc7 Bxf3+ 19. Kxf3 Bxc7 20. Rfe1 Rh5
21. g4 Rc5 22. h3 Rc8 23. Re2 Bd8 24. Rc1 d5 25. Be3 Rc4 26. Bg5 Ne4 27. Bxd8
Nxc3 28. bxc3 Rxc3+ 29. Kg2 Kxd8 30. Rd2 R8c4 31. f3 Ke7 32. Kf2 Ra4 33. Ra1
Rf4 34. Rd3 Rxc2+ 35. Ke3 g5 36. Ra3 0-1

[Event "AS04 75 Anniversary"]
[Site "Copenhagen"]
[Date "1979.??.??"]
[Round "?"]
[White "Auchenberg, Per"]
[Black "Iskov, Gert"]
[Result "0-1"]
[WhiteElo "2225"]
[BlackElo "2370"]
[PlyCount "132"]
[EventDate "1979.??.??"]
[EventType "tourn"]
[EventRounds "11"]
[EventCountry "DEN"]
[EventCategory "6"]

1. g3 d5 2. f4 g6 3. Nf3 Bg7 4. Bg2 Nh6 5. O-O O-O 6. c3 c5 7. d3 d4 8. e4 dxc3
9. bxc3 Nc6 10. Be3 b6 11. Qe2 Ba6 12. Rd1 Qd7 13. h3 Rad8 14. Bf1 Kh8 15. a3
e5 16. fxe5 Ng8 17. Bf4 Qe8 18. Qe3 h6 19. g4 g5 20. Bg3 f6 21. d4 Bxf1 22.
Rxf1 cxd4 23. cxd4 fxe5 24. d5 Nd4 25. Ra2 Qb5 26. Raf2 Nxf3+ 27. Rxf3 Rxf3 28.
Qxf3 Rf8 29. Qd1 Rxf1+ 30. Qxf1 Qb3 31. Bf2 Nf6 32. Qc1 Bf8 33. Kg2 Qd3 34. Nd2
Qxa3 35. Qxa3 Bxa3 36. Bg3 Bb2 37. Nc4 Bd4 38. Bxe5 Bxe5 39. Nxe5 Nxe4 40. Nc4
Kg7 41. Kf3 Nc3 42. d6 Kf6 43. Ne5 a5 44. Nd7+ Ke6 45. Nxb6 a4 46. Nc4 Nb5 47.
d7 Ke7 48. Ke4 a3 49. Ne3 Kxd7 50. Kd5 Ke7 51. Nc2 a2 52. Na1 Kf6 53. Kc4 Nd6+
54. Kb3 Ne4 55. Kxa2 Nf2 56. Nc2 Nxh3 57. Ne3 Nf2 58. Kb2 Ke5 59. Kc2 Kf4 60.
Kd2 Nxg4 61. Nd5+ Kf3 62. Ke1 Ne3 63. Nb4 h5 64. Nc6 h4 65. Nd4+ Kg2 66. Ke2 h3
0-1

[Event "AS04 75 Anniversary"]
[Site "Copenhagen"]
[Date "1979.??.??"]
[Round "?"]
[White "Auchenberg, Per"]
[Black "Krnic, Zdenko"]
[Result "0-1"]
[WhiteElo "2225"]
[BlackElo "2390"]
[PlyCount "84"]
[EventDate "1979.??.??"]
[EventType "tourn"]
[EventRounds "11"]
[EventCountry "DEN"]
[EventCategory "6"]

1. g3 g6 2. f4 Bg7 3. Nf3 d6 4. d3 e5 5. Nc3 Ne7 6. Bg2 O-O 7. O-O Nbc6 8. e4
f5 9. Nd5 h6 10. c4 Be6 11. Rb1 Qd7 12. Qa4 Rae8 13. Bd2 Nc8 14. Nh4 Qf7 15.
exf5 gxf5 16. Bc3 Nd4 17. Bxd4 exd4 18. Rbe1 c6 19. Nb4 Bf6 20. Nf3 Qc7 21. Nc2
Bf7 22. Qb4 c5 23. Qd2 b5 24. b3 bxc4 25. bxc4 Nb6 26. Na3 Qd7 27. Qa5 Na4 28.
Nb5 Nc3 29. a4 Rxe1 30. Nxe1 Kg7 31. Qa6 Nxb5 32. cxb5 Qc7 33. a5 Rb8 34. Nc2
Be8 35. Na3 Bd8 36. Nc4 Bxb5 37. Qxd6 Qxd6 38. Nxd6 Bxd3 39. Rd1 Rb1 40. Rxb1
Bxb1 41. Bf1 Bxa5 42. Kf2 Bb4 0-1

[Event "AS04 75 Anniversary"]
[Site "Copenhagen"]
[Date "1979.??.??"]
[Round "?"]
[White "Auchenberg, Per"]
[Black "Mikhalchishin, Adrian"]
[Result "0-1"]
[WhiteElo "2225"]
[BlackElo "2480"]
[PlyCount "80"]
[EventDate "1979.??.??"]
[EventType "tourn"]
[EventRounds "11"]
[EventCountry "DEN"]
[EventCategory "6"]

1. d4 Nf6 2. c4 e6 3. g3 c5 4. Nf3 cxd4 5. Nxd4 Bb4+ 6. Bd2 Qb6 7. Bxb4 Qxb4+
8. Qd2 Qxc4 9. Nc3 Nc6 10. Ndb5 O-O 11. Nd6 Qb4 12. O-O-O b5 13. e4 a6 14. Kb1
Qc5 15. h3 Ne8 16. Nxe8 Rxe8 17. f4 Bb7 18. Bg2 Na5 19. Rc1 Nc4 20. Qe2 Rac8
21. e5 Bxg2 22. Qxg2 d5 23. exd6 Qxd6 24. Rhd1 Qb6 25. Qe2 Red8 26. Ne4 h6 27.
g4 Qc6 28. a3 Rxd1 29. Rxd1 Ne3 30. Nd6 Nxd1 31. Nxc8 Nc3+ 32. bxc3 Qxc8 33.
Kb2 Qd7 34. Qe3 a5 35. h4 Qd5 36. g5 a4 37. Kc1 Qh1+ 38. Kd2 Qxh4 39. gxh6 Qxh6
40. Qe5 Qh2+ 0-1

[Event "AS04 75 Anniversary"]
[Site "Copenhagen"]
[Date "1979.??.??"]
[Round "?"]
[White "Auchenberg, Per"]
[Black "Schussler, Harry"]
[Result "0-1"]
[WhiteElo "2375"]
[BlackElo "2225"]
[PlyCount "102"]
[EventDate "1979.??.??"]
[EventType "tourn"]
[EventRounds "11"]
[EventCountry "DEN"]
[EventCategory "6"]

1. e4 g6 2. d4 Bg7 3. Nc3 d6 4. Bc4 e6 5. Nge2 Ne7 6. Bb3 b6 7. Be3 Bb7 8. Qd2
h6 9. h4 d5 10. f3 Nbc6 11. g4 Qd7 12. O-O-O O-O-O 13. Qe1 Na5 14. Qf2 dxe4 15.
fxe4 Nxb3+ 16. axb3 f5 17. Qg2 fxe4 18. Rhe1 Nd5 19. Bg1 Qe7 20. Qh3 Ba6 21.
Ng3 Bf6 22. Rxe4 Bxh4 23. Nxd5 Rxd5 24. c4 Ra5 25. Kc2 Bf6 26. Ne2 g5 27. Nc3
Bb7 28. d5 Qh7 29. Qd3 exd5 30. Nxd5 Bxd5 31. cxd5 Ra2 32. Bd4 Bxd4 33. Qxd4
Re8 34. Rde1 Ra1 35. Kd2 Rxe1 36. Rxe1 Rxe1 37. Kxe1 Qb1+ 38. Kd2 Qf1 39. Kc2
Qf3 40. Qh8+ Kb7 41. Qxh6 Qxd5 42. Qh3 Qe4+ 43. Kc3 a5 44. Qh5 Qc6+ 45. Kd3 Qc1
46. Ke4 Qc2+ 47. Ke5 Qxb3 48. Qxg5 Qxb2+ 49. Ke6 Qe2+ 50. Kd7 Qd3+ 51. Ke8 a4
0-1

[Event "AS04 75 Anniversary"]
[Site "Copenhagen"]
[Date "1979.??.??"]
[Round "?"]
[White "Brinck Claussen, Bjorn"]
[Black "Auchenberg, Per"]
[Result "1-0"]
[WhiteElo "2375"]
[BlackElo "2225"]
[PlyCount "129"]
[EventDate "1979.??.??"]
[EventType "tourn"]
[EventRounds "11"]
[EventCountry "DEN"]
[EventCategory "6"]

1. d4 Nf6 2. c4 e6 3. Nc3 Bb4 4. e3 b6 5. Nge2 Ba6 6. Ng3 O-O 7. e4 Nc6 8. Bd3
e5 9. d5 Bxc3+ 10. bxc3 Ne7 11. h4 d6 12. h5 Nd7 13. Qf3 f6 14. Be2 Nc5 15. Nf5
Qd7 16. Rh4 Kh8 17. Rg4 Nxf5 18. exf5 Rg8 19. h6 Rae8 20. hxg7+ Rxg7 21. Rxg7
Qxg7 22. Qh5 Rg8 23. g3 Ne4 24. Bh6 Qe7 25. Rc1 Bb7 26. Qh4 Ng5 27. Kf1 Bc8 28.
Bd3 e4 29. Bxg5 Rxg5 30. Qxe4 Qxe4 31. Bxe4 Bxf5 32. Bxf5 Rxf5 33. f4 Kg7 34.
Kg2 Rh5 35. g4 Rh6 36. f5 Kf8 37. Re1 Kf7 38. Kg3 Kf8 39. Re6 Rh1 40. Rxf6+ Kg7
41. Re6 Kf7 42. g5 Rg1+ 43. Kf4 Rf1+ 44. Ke4 Re1+ 45. Kd3 Rd1+ 46. Kc2 Rg1 47.
Rh6 Kg8 48. g6 hxg6 49. fxg6 Rg3 50. Rh7 Rxg6 51. Rxc7 Rg7 52. Rc8+ Kf7 53. Ra8
Kf6 54. Kb3 Re7 55. Rh8 Rd7 56. Kb4 Rc7 57. Re8 Kf7 58. Re6 a5+ 59. Kb3 Rd7 60.
a4 Rd8 61. c5 bxc5 62. Kc4 Kf8 63. Kb5 Rb8+ 64. Kc6 Rb3 65. Re3 1-0

[Event "AS04 75 Anniversary"]
[Site "Copenhagen"]
[Date "1979.??.??"]
[Round "?"]
[White "Brinck Claussen, Bjorn"]
[Black "Iskov, Gert"]
[Result "0-1"]
[WhiteElo "2375"]
[BlackElo "2370"]
[PlyCount "68"]
[EventDate "1979.??.??"]
[EventType "tourn"]
[EventRounds "11"]
[EventCountry "DEN"]
[EventCategory "6"]

1. d4 Nf6 2. c4 e6 3. Nc3 Bb4 4. e3 b6 5. Nge2 Ba6 6. Ng3 O-O 7. e4 Nc6 8. Bd3
e5 9. d5 Bxc3+ 10. bxc3 Ne7 11. Nf1 d6 12. Ne3 Nd7 13. h4 Nc5 14. Bc2 Bc8 15.
g4 Bd7 16. h5 Qe8 17. Qf3 f6 18. Nf5 Nxf5 19. gxf5 Kh8 20. Rg1 Rg8 21. Rg6 Ba4
22. Bb1 c6 23. Qh3 cxd5 24. cxd5 Qb5 25. Qh4 Qc4 26. Bd2 Bb5 27. Kd1 Ba4+ 28.
Ke1 Bb5 29. Kd1 Qe2+ 30. Kc1 Ba4 31. Bh6 Nd3+ 32. Bxd3 Qxd3 33. Kb2 Qc2+ 34.
Ka3 Qxc3+ 0-1

[Event "AS04 75 Anniversary"]
[Site "Copenhagen"]
[Date "1979.??.??"]
[Round "?"]
[White "Brinck Claussen, Bjorn"]
[Black "Krnic, Zdenko"]
[Result "1/2-1/2"]
[WhiteElo "2375"]
[BlackElo "2390"]
[PlyCount "125"]
[EventDate "1979.??.??"]
[EventType "tourn"]
[EventRounds "11"]
[EventCountry "DEN"]
[EventCategory "6"]

1. d4 Nf6 2. c4 g6 3. Nc3 d5 4. Bf4 Bg7 5. e3 O-O 6. Qb3 c5 7. cxd5 cxd4 8.
exd4 Nbd7 9. Be2 Nb6 10. Bf3 Bg4 11. Bxg4 Nxg4 12. Nf3 Nf6 13. d6 exd6 14. O-O
Nh5 15. Bg5 Qd7 16. a4 h6 17. Bc1 Rfe8 18. a5 Nc8 19. Ra4 b6 20. Be3 Rb8 21.
Rb4 Nf6 22. h3 Ne4 23. Nd5 Qe6 24. Qa4 Rd8 25. Qc6 Nf6 26. Nxf6+ Qxf6 27. Qc1
Kh7 28. d5 Rd7 29. Rh4 Qxb2 30. Bxh6 Qxc1 31. Bxc1+ Kg8 32. axb6 Nxb6 33. Rb4
Rc8 34. Rd1 Nxd5 35. Rxd5 Rxc1+ 36. Kh2 Rc8 37. Ra4 Rc5 38. Ra5 Rxa5 39. Rxa5
Bc3 40. Ra3 Bb4 41. Ra2 d5 42. Kg1 Re7 43. Ra6 Kg7 44. g4 Rc7 45. Ne5 Bc5 46.
Ra5 d4 47. Kf1 Bb6 48. Ra4 Kf6 49. Nc4 Bc5 50. h4 Ke6 51. Ke2 Kd5 52. Nd2 Bb6
53. h5 gxh5 54. gxh5 Rc1 55. Rb4 Rh1 56. Rb5+ Ke6 57. Nc4 d3+ 58. Kxd3 Bxf2 59.
Re5+ Kf6 60. Rb5 Rh4 61. Nd6 Ke6 62. Nxf7 Kxf7 63. Rf5+ 1/2-1/2

[Event "AS04 75 Anniversary"]
[Site "Copenhagen"]
[Date "1979.??.??"]
[Round "?"]
[White "Brinck Claussen, Bjorn"]
[Black "Mikhalchishin, Adrian"]
[Result "1/2-1/2"]
[WhiteElo "2375"]
[BlackElo "2480"]
[PlyCount "81"]
[EventDate "1979.??.??"]
[EventType "tourn"]
[EventRounds "11"]
[EventCountry "DEN"]
[EventCategory "6"]

1. d4 d5 2. c4 e6 3. Nc3 c6 4. Nf3 Nf6 5. Bg5 dxc4 6. e4 b5 7. e5 h6 8. Bh4 g5
9. Nxg5 Nd5 10. Nxf7 Qxh4 11. Nxh8 Bb4 12. Qd2 c5 13. dxc5 Nc6 14. O-O-O Nxe5
15. f4 Bxc3 16. bxc3 Qxf4 17. Qxf4 Nxf4 18. g3 Nfd3+ 19. Bxd3 Nxd3+ 20. Rxd3
cxd3 21. Re1 Rb8 22. a3 a5 23. Re4 Kd7 24. Ng6 Kc6 25. Re5 b4 26. cxb4 axb4 27.
axb4 Rxb4 28. Ne7+ Kd7 29. Nxc8 Kxc8 30. Rxe6 d2+ 31. Kxd2 Rb2+ 32. Ke3 Rxh2
33. Re4 Kd7 34. Rh4 Rxh4 35. gxh4 Kc6 36. Kd4 h5 37. Kc4 Kc7 38. Kd5 Kd7 39.
c6+ Kc7 40. Kc5 Kc8 41. Kd6 1/2-1/2

[Event "AS04 75 Anniversary"]
[Site "Copenhagen"]
[Date "1979.??.??"]
[Round "?"]
[White "Brinck Claussen, Bjorn"]
[Black "Wahlbom, Magnus"]
[Result "1-0"]
[WhiteElo "2375"]
[BlackElo "2375"]
[PlyCount "135"]
[EventDate "1979.??.??"]
[EventType "tourn"]
[EventRounds "11"]
[EventCountry "DEN"]
[EventCategory "6"]

1. d4 e6 2. c4 Nf6 3. Nc3 c5 4. d5 exd5 5. cxd5 d6 6. Nf3 g6 7. Nd2 Bg7 8. Nc4
O-O 9. Bg5 Qd7 10. a4 b6 11. e3 Ba6 12. h3 Bxc4 13. Bxc4 a6 14. O-O Qb7 15. Qf3
Nbd7 16. Qf4 Qc7 17. Be2 Rfe8 18. Rac1 Re5 19. Qh4 Qb8 20. Rcd1 Qf8 21. Bf4
Ree8 22. Bh2 Reb8 23. b4 cxb4 24. Qxb4 Nc5 25. Nb1 b5 26. axb5 axb5 27. Nc3
Nfe4 28. Nxe4 Ra4 29. Bxd6 Rxb4 30. Bxf8 Bxf8 31. Nxc5 Bxc5 32. Rc1 Bf8 33.
Rfd1 Rd8 34. Rc7 Rb2 35. Bf1 Bd6 36. Rb7 b4 37. Ra1 Bc5 38. Rc1 Bd6 39. Rc6 Rb1
40. g3 h5 41. Kg2 Rb2 42. Bc4 Rc2 43. Rbb6 Kf8 44. Rxd6 Rxd6 45. Rxd6 Rxc4 46.
Rb6 Ke7 47. Kf3 Kd7 48. e4 Kc7 49. Rb5 f6 50. Ke3 g5 51. h4 Rc3+ 52. Kd4 gxh4
53. gxh4 Rf3 54. Rxb4 Rxf2 55. Kc5 Rc2+ 56. Rc4 Rh2 57. Ra4 Rc2+ 58. Kd4 Rd2+
59. Ke3 Rd1 60. Ra2 f5 61. exf5 Kd6 62. Kf4 Kxd5 63. Re2 Rg1 64. Rd2+ Kc6 65.
f6 Kc7 66. Kf5 Rf1+ 67. Kg5 Kc8 68. Rd5 1-0

[Event "AS04 75 Anniversary"]
[Site "Copenhagen"]
[Date "1979.??.??"]
[Round "?"]
[White "Djuric, Stefan"]
[Black "Brinck Claussen, Bjorn"]
[Result "0-1"]
[WhiteElo "2415"]
[BlackElo "2375"]
[PlyCount "75"]
[EventDate "1979.??.??"]
[EventType "tourn"]
[EventRounds "11"]
[EventCountry "DEN"]
[EventCategory "6"]

1. c4 Nf6 2. Nf3 c5 3. Nc3 d5 4. cxd5 Nxd5 5. g3 Nc6 6. Bg2 Nc7 7. O-O e5 8. a3
f6 9. Rb1 Be6 10. b4 cxb4 11. axb4 b5 12. e3 Qd7 13. d4 Rd8 14. Bd2 exd4 15.
exd4 Be7 16. d5 Nxd5 17. Nxb5 Ndxb4 18. Re1 O-O 19. Qe2 Bd5 20. Bf4 g5 21. Be3
a5 22. Rbd1 Qb7 23. Nc3 Bb3 24. Rxd8 Rxd8 25. Nd4 Nxd4 26. Bxd4 Qd7 27. Bb6 Rc8
28. Ne4 Nd3 29. Rf1 a4 30. Qh5 Bf7 31. Qf3 f5 32. Nd2 Ne5 33. Qe2 Bf6 34. Qa6
Rc2 35. Nb1 Kg7 36. Na3 Rd2 37. Be3 Rd3 38. Nb5 0-1

[Event "AS04 75 Anniversary"]
[Site "Copenhagen"]
[Date "1979.??.??"]
[Round "?"]
[White "Djuric, Stefan"]
[Black "Hoi, Carsten"]
[Result "0-1"]
[WhiteElo "2415"]
[BlackElo "2355"]
[PlyCount "96"]
[EventDate "1979.??.??"]
[EventType "tourn"]
[EventRounds "11"]
[EventCountry "DEN"]
[EventCategory "6"]

1. d4 g6 2. c4 Bg7 3. Nc3 d6 4. Nf3 Nf6 5. e4 O-O 6. Be2 Bg4 7. Be3 Nfd7 8. Rc1
e5 9. d5 a5 10. a3 Na6 11. b3 f5 12. Rb1 Nac5 13. b4 axb4 14. axb4 fxe4 15.
bxc5 exf3 16. Bxf3 Bxf3 17. gxf3 e4 18. Nxe4 Ne5 19. Nd2 dxc5 20. Rxb7 Qc8 21.
Rb3 Qh3 22. Bxc5 Rfe8 23. Be3 Qg2 24. Ke2 Ra2 25. Re1 Nxf3 26. Kd3 Rxd2+ 27.
Bxd2 Nxe1+ 28. Bxe1 Qe4+ 29. Kd2 Bh6+ 30. Kc3 Qxe1+ 31. Qxe1 Rxe1 32. Rb7 Bf4
33. h4 h5 34. c5 g5 35. hxg5 h4 36. Rb4 h3 37. Rxf4 h2 38. Rh4 h1=Q 39. Rxh1
Rxh1 40. Kd4 Kf7 41. Ke5 Re1+ 42. Kf5 Rc1 43. c6 Re1 44. f4 Kg7 45. d6 cxd6 46.
c7 Rc1 47. Ke6 Rxc7 48. f5 Rf7 0-1

[Event "AS04 75 Anniversary"]
[Site "Copenhagen"]
[Date "1979.??.??"]
[Round "?"]
[White "Djuric, Stefan"]
[Black "Larsen, Bent"]
[Result "1/2-1/2"]
[WhiteElo "2415"]
[BlackElo "2620"]
[PlyCount "56"]
[EventDate "1979.??.??"]
[EventType "tourn"]
[EventRounds "11"]
[EventCountry "DEN"]
[EventCategory "6"]

1. e4 d5 2. exd5 Qxd5 3. Nc3 Qa5 4. d4 Nf6 5. Bc4 Bf5 6. Nf3 Nbd7 7. Qe2 e6 8.
Bd2 Bb4 9. a3 O-O 10. O-O Bxc3 11. Bxc3 Qb6 12. Bb3 a5 13. Ba4 c6 14. Bd2 h6
15. Be3 Rfe8 16. c3 Bg4 17. Rab1 Qc7 18. h3 Bh5 19. Bc2 e5 20. g4 exd4 21. cxd4
Bg6 22. Bxg6 fxg6 23. Qd3 Nd5 24. Bxh6 gxh6 25. Qxg6+ Kf8 26. Qxh6+ Kg8 27.
Qg6+ Kf8 28. Qh6+ Kg8 1/2-1/2

[Event "AS04 75 Anniversary"]
[Site "Copenhagen"]
[Date "1979.??.??"]
[Round "?"]
[White "Djuric, Stefan"]
[Black "Wahlbom, Magnus"]
[Result "1/2-1/2"]
[WhiteElo "2415"]
[BlackElo "2375"]
[PlyCount "81"]
[EventDate "1979.??.??"]
[EventType "tourn"]
[EventRounds "11"]
[EventCountry "DEN"]
[EventCategory "6"]

1. c4 e6 2. Nc3 Nf6 3. Nf3 c5 4. g3 b6 5. Bg2 Bb7 6. O-O Be7 7. b3 O-O 8. Bb2
d6 9. d4 cxd4 10. Nxd4 Qc8 11. e4 a6 12. Qe2 Nc6 13. Nxc6 Bxc6 14. Nd5 exd5 15.
exd5 Bxd5 16. cxd5 Re8 17. Rac1 Qf5 18. Rc6 b5 19. Bxf6 Bxf6 20. Rxa6 Qd7 21.
Re1 g6 22. Rxa8 Rxa8 23. h4 h5 24. Qd2 Kg7 25. Re2 Qf5 26. Kh2 Qb1 27. Be4 Qa1
28. Bd3 Bc3 29. Qc2 b4 30. Kg2 Bd4 31. Bb5 Qc3 32. Qe4 Bf6 33. Rc2 Qd4 34. Qf3
Ra7 35. Ba4 Re7 36. Rc4 Qd2 37. Rf4 Qc3 38. Rc4 Qd2 39. Rf4 Qc3 40. Rc4 Qd2 41.
Bb5 1/2-1/2

[Event "AS04 75 Anniversary"]
[Site "Copenhagen"]
[Date "1979.??.??"]
[Round "?"]
[White "Hoi, Carsten"]
[Black "Auchenberg, Per"]
[Result "1-0"]
[WhiteElo "2355"]
[BlackElo "2225"]
[PlyCount "117"]
[EventDate "1979.??.??"]
[EventType "tourn"]
[EventRounds "11"]
[EventCountry "DEN"]
[EventCategory "6"]

1. d4 f5 2. Nc3 Nf6 3. Bg5 e6 4. e4 fxe4 5. Nxe4 Be7 6. Bxf6 Bxf6 7. Nf3 O-O 8.
Bd3 Nc6 9. c3 d5 10. Nxf6+ gxf6 11. Qc2 Rf7 12. O-O-O b6 13. Rhe1 Qd6 14. Re3
Bd7 15. Rde1 Re8 16. Kb1 Ree7 17. Qe2 Kf8 18. g3 Ke8 19. Bb5 Nd8 20. Nh4 Bxb5
21. Qxb5+ c6 22. Qd3 c5 23. f4 Nc6 24. Nf3 f5 25. Qa6 c4 26. Qc8+ Nd8 27. Ne5
Rf6 28. Qa6 Rh6 29. R3e2 Rc7 30. g4 fxg4 31. Qa4+ Kf8 32. Nxg4 Rh4 33. Nf6 Kf7
34. f5 Kxf6 35. Rxe6+ Nxe6 36. Rxe6+ Qxe6 37. fxe6 Re7 38. a3 Rxe6 39. Qd7 Re1+
40. Ka2 Rh5 41. Qxa7 Rxh2 42. Qxb6+ Kf5 43. a4 Rhh1 44. Ka3 Ra1+ 45. Kb4 Ra2
46. Kc5 Rxa4 47. Kxd5 Rh5 48. Qc7 Kf6+ 49. Ke4 Ra1 50. Qc6+ Kg7 51. Qxc4 Re1+
52. Kd3 Rh3+ 53. Kd2 Re7 54. Qc5 Rh2+ 55. Kd3 Kf7 56. Qf5+ Ke8 57. b4 h5 58. d5
Rh1 59. Qg6+ 1-0

[Event "AS04 75 Anniversary"]
[Site "Copenhagen"]
[Date "1979.??.??"]
[Round "?"]
[White "Hoi, Carsten"]
[Black "Brinck Claussen, Bjorn"]
[Result "1-0"]
[WhiteElo "2355"]
[BlackElo "2375"]
[PlyCount "45"]
[EventDate "1979.??.??"]
[EventType "tourn"]
[EventRounds "11"]
[EventCountry "DEN"]
[EventCategory "6"]

1. d4 Nf6 2. c4 e6 3. Nc3 Bb4 4. e3 O-O 5. Bd3 d5 6. a3 dxc4 7. Bxh7+ Nxh7 8.
axb4 Nc6 9. Nf3 Nxb4 10. O-O b6 11. Ne5 Bb7 12. Nxc4 c5 13. dxc5 Qg5 14. e4
Qxc5 15. b3 Rfd8 16. Qe2 Qd4 17. Bb2 Nd3 18. Rad1 b5 19. Nd5 Qc5 20. Rxd3 exd5
21. Qh5 Bc8 22. Ne5 Be6 23. Rh3 1-0

[Event "AS04 75 Anniversary"]
[Site "Copenhagen"]
[Date "1979.??.??"]
[Round "?"]
[White "Hoi, Carsten"]
[Black "Krnic, Zdenko"]
[Result "1-0"]
[WhiteElo "2355"]
[BlackElo "2390"]
[PlyCount "103"]
[EventDate "1979.??.??"]
[EventType "tourn"]
[EventRounds "11"]
[EventCountry "DEN"]
[EventCategory "6"]

1. d4 Nf6 2. c4 g6 3. Nc3 d5 4. Bg5 Ne4 5. Bh4 c5 6. e3 Bg7 7. Nf3 cxd4 8. exd4
Nc6 9. cxd5 Nxc3 10. bxc3 Qxd5 11. Be2 O-O 12. O-O e5 13. c4 Qd6 14. d5 Ne7 15.
Nd2 f5 16. Rc1 Kh8 17. c5 Qd7 18. d6 Nc6 19. Bc4 Qe8 20. Rb1 Rb8 21. Nb3 Be6
22. Bb5 Qf7 23. Qd2 h6 24. Bxc6 bxc6 25. Be7 Rfe8 26. Na5 Bd5 27. d7 Qxe7 28.
dxe8=Q+ Rxe8 29. Nb7 Qh4 30. Nd6 Re7 31. f3 Qd4+ 32. Qxd4 exd4 33. Rb8+ Kh7 34.
Re8 Rd7 35. Kf2 Bxa2 36. Ra1 Bd5 37. Ra6 h5 38. Ra8 Bh6 39. R8xa7 Rxa7 40.
Rxa7+ Kg8 41. Ke2 Bf4 42. h3 Kf8 43. Kd3 Bg3 44. Nc8 Bh4 45. Nb6 Be6 46. Nd7+
Ke8 47. Ne5 Bd5 48. Ra8+ Bd8 49. Rc8 g5 50. Nxc6 Kd7 51. Rxd8+ Kxc6 52. Kxd4
1-0

[Event "AS04 75 Anniversary"]
[Site "Copenhagen"]
[Date "1979.??.??"]
[Round "?"]
[White "Hoi, Carsten"]
[Black "Wahlbom, Magnus"]
[Result "1-0"]
[WhiteElo "2355"]
[BlackElo "2375"]
[PlyCount "79"]
[EventDate "1979.??.??"]
[EventType "tourn"]
[EventRounds "11"]
[EventCountry "DEN"]
[EventCategory "6"]

1. d4 e6 2. c4 Nf6 3. Nc3 c5 4. d5 exd5 5. cxd5 d6 6. e4 g6 7. Nf3 Bg7 8. Bg5
a6 9. Nd2 h6 10. Bh4 b5 11. a4 b4 12. Ncb1 g5 13. Bg3 Qe7 14. Be2 O-O 15. O-O
Nbd7 16. Re1 Ne8 17. Qc2 Ne5 18. Bxe5 Bxe5 19. Nc4 Bd4 20. Nbd2 f5 21. Nb3 Qxe4
22. Bd3 Qxd5 23. Nb6 Qb7 24. a5 Rb8 25. Nxd4 cxd4 26. Qc4+ Kh8 27. Rac1 Ng7 28.
Qxd4 Qf7 29. Qxd6 Be6 30. Rc7 Rfd8 31. Qe5 Qf8 32. Bxa6 Re8 33. Qc5 Qf6 34. Bb5
Red8 35. a6 Bg8 36. Nd7 Ne6 37. Nxf6 Nxc5 38. Ree7 Rxb5 39. Rh7+ Bxh7 40. Rxh7#
1-0

[Event "AS04 75 Anniversary"]
[Site "Copenhagen"]
[Date "1979.??.??"]
[Round "?"]
[White "Iskov, Gert"]
[Black "Djuric, Stefan"]
[Result "1/2-1/2"]
[WhiteElo "2370"]
[BlackElo "2415"]
[PlyCount "88"]
[EventDate "1979.??.??"]
[EventType "tourn"]
[EventRounds "11"]
[EventCountry "DEN"]
[EventCategory "6"]

1. e4 e5 2. Bc4 Nf6 3. d3 c6 4. Nf3 Be7 5. O-O d6 6. Bb3 O-O 7. Nbd2 Nbd7 8. c3
a5 9. d4 Qc7 10. Re1 b5 11. Nf1 a4 12. Bc2 Re8 13. Ne3 Bf8 14. Nf5 h6 15. Bd2
Nb6 16. dxe5 dxe5 17. Ne3 Be6 18. Bd3 Rad8 19. Qc2 Nbd7 20. Bf1 Nc5 21. c4
Ncxe4 22. cxb5 Nxd2 23. Nxd2 Qd7 24. Ndc4 cxb5 25. Nxe5 Qb7 26. Qc6 Bc8 27. Nf5
Qxc6 28. Nxc6 Bxf5 29. Nxd8 Rxd8 30. Bxb5 Rd2 31. Re5 Be6 32. Bxa4 Rxb2 33. Rb5
Rxa2 34. Rxa2 Bxa2 35. Bb3 Bxb3 36. Rxb3 Bc5 37. Kf1 Ne4 38. Rb5 Bd6 39. g3 g6
40. Rd5 Bf8 41. Kg2 Kg7 42. Re5 Nd6 43. Ra5 h5 44. Ra2 Be7 1/2-1/2

[Event "AS04 75 Anniversary"]
[Site "Copenhagen"]
[Date "1979.??.??"]
[Round "?"]
[White "Iskov, Gert"]
[Black "Mikhalchishin, Adrian"]
[Result "1/2-1/2"]
[WhiteElo "2370"]
[BlackElo "2480"]
[PlyCount "26"]
[EventDate "1979.??.??"]
[EventType "tourn"]
[EventRounds "11"]
[EventCountry "DEN"]
[EventCategory "6"]

1. e4 e5 2. Nf3 Nc6 3. c3 Nf6 4. d4 exd4 5. e5 Ne4 6. Qe2 f5 7. exf6 d5 8. Nbd2
Qxf6 9. Nxe4 dxe4 10. Qxe4+ Qe6 11. Bd3 dxc3 12. O-O Qxe4 13. Bxe4 Bd7 1/2-1/2

[Event "AS04 75 Anniversary"]
[Site "Copenhagen"]
[Date "1979.??.??"]
[Round "?"]
[White "Iskov, Gert"]
[Black "Westerinen, Heikki"]
[Result "1/2-1/2"]
[WhiteElo "2370"]
[BlackElo "2465"]
[PlyCount "65"]
[EventDate "1979.??.??"]
[EventType "tourn"]
[EventRounds "11"]
[EventCountry "DEN"]
[EventCategory "6"]

1. e4 e5 2. Nf3 Nc6 3. Bb5 Nf6 4. O-O Nxe4 5. d4 a6 6. Ba4 b5 7. Bb3 d5 8. dxe5
Be6 9. c3 Be7 10. Nbd2 Nc5 11. Bc2 d4 12. Ne4 d3 13. Nxc5 dxc2 14. Qxd8+ Rxd8
15. Nxe6 fxe6 16. Be3 Rd5 17. Rac1 Nxe5 18. Nxe5 Rxe5 19. Rxc2 O-O 20. c4 Bc5
21. cxb5 Bxe3 22. fxe3 axb5 23. Rxf8+ Kxf8 24. Rxc7 Rxe3 25. Rb7 Re5 26. Kf2 h5
27. Kf3 Kg8 28. h4 Kh7 29. Kf4 Rf5+ 30. Ke4 Kg6 31. Rb8 Rc5 32. g3 Kf6 33. Rf8+
1/2-1/2

[Event "AS04 75 Anniversary"]
[Site "Copenhagen"]
[Date "1979.??.??"]
[Round "?"]
[White "Kristiansen, Jens"]
[Black "Auchenberg, Per"]
[Result "1-0"]
[WhiteElo "2365"]
[BlackElo "2225"]
[PlyCount "59"]
[EventDate "1979.??.??"]
[EventType "tourn"]
[EventRounds "11"]
[EventCountry "DEN"]
[EventCategory "6"]

1. Nf3 f5 2. g3 Nf6 3. Bg2 g6 4. O-O Bg7 5. c4 O-O 6. Nc3 d6 7. d3 Nc6 8. Rb1
e6 9. b4 a6 10. a4 Qe7 11. b5 Nd8 12. Qb3 h6 13. Ba3 g5 14. c5 Nf7 15. b6 c6
16. cxd6 Qd7 17. e4 Ne8 18. Rfe1 Nexd6 19. exf5 exf5 20. d4 Re8 21. Rxe8+ Nxe8
22. Re1 Bf8 23. Ne5 Qe6 24. Qxe6 Bxe6 25. Bxf8 Kxf8 26. Ng6+ Kg7 27. Rxe6 Rd8
28. Ne5 Nxe5 29. Rxe5 Kf6 30. Re1 1-0

[Event "AS04 75 Anniversary"]
[Site "Copenhagen"]
[Date "1979.??.??"]
[Round "?"]
[White "Kristiansen, Jens"]
[Black "Brinck Claussen, Bjorn"]
[Result "1-0"]
[WhiteElo "2365"]
[BlackElo "2375"]
[PlyCount "45"]
[EventDate "1979.??.??"]
[EventType "tourn"]
[EventRounds "11"]
[EventCountry "DEN"]
[EventCategory "6"]

1. e4 e5 2. Nf3 Nc6 3. Bb5 Nf6 4. O-O Nxe4 5. d4 Nd6 6. Bxc6 dxc6 7. dxe5 Nf5
8. Qxd8+ Kxd8 9. Nc3 h6 10. h3 Bb4 11. Ne2 g6 12. b3 Ng7 13. Bb2 Ne6 14. Nfd4
Bc5 15. Nxe6+ Bxe6 16. Nf4 Ke7 17. Rad1 Rad8 18. g4 Bd5 19. Nd3 Bb6 20. e6 f6
21. Ba3+ Ke8 22. Nf4 g5 23. e7 1-0